00634nam a2200169Ia 4500008004000000020001800040082001500058100002100073245005700094260003800151300000800189650005400197690002200251906001100273999001900284952016100303210210b1984 xxu||||| |||| 00| 0 eng d a0 333 34083 3 a820.9 DYSM aDYSON (A E), Ed. aMedieval english drama:casebooks ed by Peter Happe. aLondonbMacmillan Press Ltdc1984 a222 aMedieval English Drama critical Essays Case Books aEnglish Criticism a056035 c103726d103726 001040708EnglishaALbALcEnglish Literatured2021-02-17eSita Book House, Mangalore.g310.00l0o820.9 DYSMp056035r2021-02-17 00:00:00w2021-02-17yBK